NBA Expansion Teams - Statistics

General Stats
  • This quiz has been taken 23 times
  • The average score is 4 of 7
Answer Stats
Year of Expansion Team % Correct
1988 Charlotte Hornets
94%
1989 Orlando Magic
75%
1988 Miami Heat
63%
1995 Toronto Raptors
50%
1989 Minnesota Timberwolves
44%
2004 Charlotte Bobcatts
25%
1995 Vancouver Grizzlies
13%
No matching quizzes found
Score Distribution
Percent of People with Each Score
Percentile by Number Answered
Your Score History
You have not taken this quiz